Information hiding : 4th international workshop, IH 2001, Pittsburgh, PA, USA, April 25-27, 2001 : proceedings
Saved in:
| Corporate Author: | |
|---|---|
| Other Authors: | |
| Format: | Book |
| Language: | English |
| Published: |
Berlin ; New York :
Springer,
c2001.
|
| Series: | Lecture notes in computer science ;
2137 |
| Subjects: | |
| Tags: |
Add Tag
No Tags, Be the first to tag this record!
|
MARC
| LEADER | 00000cam a2200000 i 4500 | ||
|---|---|---|---|
| 001 | 1/62281 | ||
| 008 | 041006s2001 gw ||| | eng|| | ||
| 020 | |a 3540427333 | ||
| 035 | |l 10074622 | ||
| 040 | |a GR-MyUA |b gre |e AACR2 | ||
| 041 | 0 | |a eng | |
| 082 | 0 | |a 005.8 | |
| 110 | 2 | |a IH 2001. | |
| 245 | 1 | 0 | |a Information hiding : |b 4th international workshop, IH 2001, Pittsburgh, PA, USA, April 25-27, 2001 : proceedings / |c Ira S. Moskowitz, ed. |
| 260 | |a Berlin ; |a New York : |b Springer, |c c2001. | ||
| 300 | |a viii, 412 σ. : |b εικ. ; |c 24 εκ. | ||
| 490 | 1 | |a (Lecture notes in computer science |v ; 2137) |x 0302-9743 | |
| 504 | |a Περιέχει βιβλιογραφικές παραπομπές και ευρετήριο. | ||
| 650 | 0 | 0 | |a Computer security |x Congresses. |
| 650 | 0 | 0 | |a Data protection |x Congresses. |
| 700 | 1 | |a Moskowitz, Ira S., |d 1956- |e edt | |
| 830 | 0 | |a Lecture notes in computer science ; |v 2137 |x 0302-9743 | |
| 852 | |a INST |b SAMOS |e 20041006 |h 005.8 IHT |p 005300023074 |q 005300023074 |t BK |y 0 | ||
| 901 | |a BIBL3-2004-3 | ||
| 909 | |a Σ |b 107595 | ||
| 922 | |a 3ΕΛΗ |b 200008 |c ΤΠΕΣ/ΠΟΛ-2 |d LEADER | ||
| 970 | |a ΜΑΛΑΓΑΡΗ |b ΦΩΤΕΙΝΗ |z 2004/10/06 | ||